Catholic University of Zimbabwe Library
Online Public Access Catalogue
(OPAC)

Poison King (Record no. 11301)

MARC details
000 -LEADER
fixed length control field 00498 a2200121 4500
020 ## - INTERNATIONAL STANDARD BOOK NUMBER
International Standard Book Number 9780691126838 (hardc
005 - DATE AND TIME OF LATEST TRANSACTION
control field 20191017174211.0
084 ## - OTHER CLASSIFICATION NUMBER
Classification number DS156.P8 M39 2010
245 ## - TITLE STATEMENT
Title Poison King
Remainder of title : the life and legend of Mithradates, Rome's deadliest enemy
Medium print
260 ## - PUBLICATION, DISTRIBUTION, ETC.
Place of publication, distribution, etc. nju
Name of publisher, distributor, etc. Princeton University Press
Date of publication, distribution, etc. c2010
300 ## - PHYSICAL DESCRIPTION
Extent xxii, 448 p., [8] p. of plates : ill. (some col.),
Other physical details xxii, 448 p., [8] p. of plates
Dimensions xxii, 448 p., [8] p. of plates : ill. (some col.),
500 ## - GENERAL NOTE
General note Adrienne Mayor.
700 ## - ADDED ENTRY--PERSONAL NAME
Personal name Mayor, Adrienne

No items available.

OPENING HOURS

Weekdays: 0815hrs - 1800hrs
Weekends:0900hrs - 1200hrs

Closed for Mass:

Mon, Thur: 1200hrs - 1300hrs
Sunday & Public Holiday’s

CALL SUPPORT

0242-570570, 0242-570169
09200664, +263 8644140602

LOCATION

18443, Cranborne Avenue, Hatfield, Harare

Other Links


©2021 | CUZ Library